000 00526nam a2200205Ia 4500
003 OSt
005 20230518143101.0
008 210423s2013 xx 000 0 und d
020 _a978-81-7890-239-5
040 _cAL
082 _a660.65 PRAG
_223
100 _aPRASAD (Kirti K).
_9108306
245 _aGenetic engineering.
260 _aNew Delhi
_bIVY Publishing House
_c2013
300 _aix,272
_bPB
365 _b850
_cINR
650 _aBiotechnology
_9108307
906 _aengineering. ; Genetic
942 _2ddc
_cBK
999 _c165107
_d165107